000 00280nam a2200109 4500
999 _c10627
_d10627
003 OSt
005 20220429170545.0
008 220429b ||||| |||| 00| 0 eng d
082 _a362.110
245 _aHospital clinics, and Health centers
_ban architectural record book
942 _2ddc